To cross a river / (Record no. 491)

MARC details
000 -LEADER
fixed length control field 00847cam a2200277 i 4500
001 - CONTROL NUMBER
control field 4613462
003 - CONTROL NUMBER IDENTIFIER
control field GBCCL
005 - DATE AND TIME OF LATEST TRANSACTION
control field 20241126110339.0
008 - FIXED-LENGTH DATA ELEMENTS--GENERAL INFORMATION
fixed length control field 790709s1977 njua 000 0aeng
010 ## -
-- 77073152
020 ## - INTERNATIONAL STANDARD BOOK NUMBER
International Standard Book Number 0882702211 :
Terms of availability $6.95
040 ## - CATALOGING SOURCE
Original cataloging agency DLC
Transcribing agency DLC
Modifying agency DLC
050 00 -
-- BV3785.S84
-- A35
082 00 - DEWEY DECIMAL CLASSIFICATION NUMBER
Classification number 269.2092
-- B
Item number SWA
100 1# - MAIN ENTRY--PERSONAL NAME
Personal name Swaggart, Jimmy.
245 10 - TITLE STATEMENT
Title To cross a river /
Statement of responsibility, etc. Jimmy Swaggart, with Robert Paul Lamb.
250 ## - EDITION STATEMENT
Edition statement 1st ed.
260 ## - PUBLICATION, DISTRIBUTION, ETC.
Place of publication, distribution, etc. Baton Rouge, Louisiana :
Name of publisher, distributor, etc. Jimmy swaggart ministries
Date of publication, distribution, etc. 1984.
300 ## - PHYSICAL DESCRIPTION
Extent x, 245 p. :
Other physical details ill. ;
Dimensions 21 cm.
600 10 - SUBJECT ADDED ENTRY--PERSONAL NAME
Personal name Swaggart, Jimmy.
610 20 - SUBJECT ADDED ENTRY--CORPORATE NAME
Corporate name or jurisdiction name as entry element Assemblies of God
General subdivision Biography.
650 #0 - SUBJECT ADDED ENTRY--TOPICAL TERM
Topical term or geographic name entry element Evangelists
Geographic subdivision United States
General subdivision Biography.
700 1# - ADDED ENTRY--PERSONAL NAME
Personal name Lamb, Robert Paul,
Relator term joint author.
906 ## - LOCAL DATA ELEMENT F, LDF (RLIN)
a 7
b cbc
c orignew
d 2
e opcn
f 19
g y-gencatlg
942 ## - ADDED ENTRY ELEMENTS (KOHA)
Source of classification or shelving scheme Dewey Decimal Classification
Koha item type Books
Holdings
Withdrawn status Lost status Source of classification or shelving scheme Damaged status Not for loan Home library Current Library Shelving location Date acquired Total checkouts Full call number Barcode Date last seen Copy number Price effective from Koha item type
    Dewey Decimal Classification     GRACE BIBLE COLLEGE GRACE BIBLE COLLEGE Ministry & Mission 2016-11-04   269.2092 SWA 009285 2025-05-01 c.1 2016-11-04 Books
© Grace Bible College Library 2025